Choreomania Lyrics (Florence + the Machine) - Statistics

General Stats
  • This quiz has been taken 68 times
  • The average score is 265 of 300
Answer Stats
Answer % Correct
a
100%
be
100%
I
100%
I'm
100%
in
100%
of
100%
out
100%
so
100%
the
100%
The
100%
am
96%
And
96%
and
96%
do
96%
me,
96%
to
96%
you?
96%
you
96%
You
96%
back,
93%
been
93%
But
93%
but
93%
freaking
93%
has
93%
if
93%
it
93%
Jesus
93%
Like
93%
like,
93%
"Oh,
93%
(Oh
93%
oh
93%
Oh,
93%
(oh
93%
who
93%
your
93%
all
89%
beautiful
89%
breath
89%
came
89%
death
89%
had
89%
happen
89%
is
89%
just
89%
myself
89%
never
89%
not
89%
someone
89%
spinning
89%
With
89%
bad
85%
because
85%
dancing
85%
dress
85%
image?
85%
kept
85%
know
85%
middle
85%
music
85%
resurrected
85%
them
85%
yes"
85%
yes,
85%
yes)
85%
yes
85%
anything
81%
coming,
81%
coming
81%
coming)
81%
danced
81%
don't
81%
how
81%
imaginary
81%
Something's
81%
(something's
81%
something's
81%
stop
81%
street
81%
suddenly
81%
that
81%
too
81%
were
81%
'Cause
78%
conviction
78%
dead
78%
panic
78%
pressure
78%
said
78%
speak
78%
they
78%
actually
74%
rock
74%
roll
74%
started
74%
through
74%
backseat
70%
car
70%
complete
70%
evangelicals
70%
daddy
67%
about
63%
demon
63%
I'll
63%
end
59%
feeling
59%
her
59%
now
59%
thinking
59%
around
56%
body
56%
committed
56%
driving
56%
This
56%
push
41%
No matching quizzes found
Score Distribution
Percent of People with Each Score
Percentile by Number Answered
Your Score History
You have not taken this quiz